Statystyki dla 150 Stopni Wschodni Południk Kraje

Kliknij tutaj aby rozwiązać quiz!

Ogólne statystyki

  • Ten quiz został rozwiązany 130 razy
  • Średni wynik to 14 z 20

Statystyki odpowiedzi

stopnikraj% Poprawnych
4.18°Japonia
93%
15.24°Chiny
91%
Australia
89%
Rosja
89%
9.00°Indonezja
88%
16.37°Nowa Zelandia
84%
19.32°Korea Pólnocna
80%
19.06°Korea Poludniowa
80%
23.41°Filipiny
75%
Papua-Nowa Gwinea
72%
27.09°Fidzi
64%
0.06°Mikronezja
61%
22.72°Timor-Leste
60%
6.37°Wyspy Salomona
60%
16.52°Vanuatu
59%
15.36°Palau
58%
16.91°Nauru
56%
15.24°Wyspy Marshalla
56%
28.00°Tajwan
54%
28.30°Tuvalu
51%

Rozkład punktacji

Percentyl według liczby udzielonych odpowiedzi

Procent ludzi z każdym wynikiem

Twoja historia wyników

Nie rozwiązałeś tego quizu